Normal view
MARC view
- Azizah Md. Hussain
Entry Personal Name
001 - CONTROL NUMBER
- control field: 412
003 - CONTROL NUMBER IDENTIFIER
- control field: OSt
005 - DATE AND TIME OF LATEST TRANSACTION
- control field: 20170425085538.0
008 - FIXED-LENGTH DATA ELEMENTS
- fixed length control field: 170425|| aca||aabn | a|a d
040 ## - CATALOGING SOURCE
- Original cataloging agency: OSt
- Transcribing agency: OSt
100 ## - HEADING--PERSONAL NAME
- Personal name: Azizah Md. Hussain
670 ## - SOURCE DATA FOUND
- Source citation: Work cat.: (OSt)0: Kamus Melayu Inggeris Dewan /, 2012

PORTAL AKMAL
E-MEL JKDM
AKMAL2U
G-BAM
u-PUSTAKA